| 000 | 00000nam##2200000za#4500 |
| 001 | 9.700013 |
| 003 | CaOODSP |
| 005 | 20210625000637 |
| 007 | cr ||||||||||| |
| 008 | 150407|2014||||xxc|||||o f|0| 0 eng|d |
| 020 | |a978-1-100-25139-4 |
| 040 | |aCaOODSP|beng |
| 043 | |an-cn--- |
| 086 | 1 |aHP35-52/2014E-PDF |
| 110 | 2 |aPublic Health Agency of Canada. |
| 245 | 10|aMobilizing knowledge on active transportation : |h[electronic resource]|bproject briefing and highlight sheets |
| 260 | |aOttawa - Ontario : |bPublic Health Agency of Canada |cOctober 2014. |
| 300 | |a37p.|bfigs. |
| 590 | |a15-04|b2015-01-23 |
| 690 | 07|aBest practices|2gcpds |
| 690 | 07|aChronic diseases|2gcpds |
| 690 | 07|aRoad transport|2gcpds |
| 775 | 08|tMobilisation des connaissances sur le transport actif : |w(CaOODSP)9.643925 |
| 856 | 40|ahttp://publications.gc.ca|qPDF|s2.58 MB|uhttps://publications.gc.ca/collections/collection_2015/aspc-phac/HP35-52-2014-eng.pdf |
| 986 | |aPub.: 140306 |